|
|
|
|
| LEADER |
00000nam0a2200000 4500 |
| 001 |
327802 |
| 005 |
20231102004009.0 |
| 035 |
|
|
|a (RuTPU)RU\TPU\book\353489
|
| 090 |
|
|
|a 327802
|
| 100 |
|
|
|a 20170204d1977 km y0rusy50 ca
|
| 101 |
0 |
|
|a rus
|
| 102 |
|
|
|a RU
|
| 105 |
|
|
|a a z 001zy
|
| 200 |
1 |
|
|a Высокотемпературные секционные печи
|f В. С. Белов
|
| 210 |
|
|
|a Москва
|c Металлургия
|d 1977
|
| 215 |
|
|
|a 103 с.
|c ил.
|
| 320 |
|
|
|a Библиогр.: с. 102-103
|
| 606 |
1 |
|
|a Нагревательные печи
|x Тепловые процессы
|2 stltpush
|3 (RuTPU)RU\TPU\subj\44737
|9 64017
|
| 610 |
1 |
|
|a конструкции
|
| 610 |
1 |
|
|a опыт
|
| 610 |
1 |
|
|a теплообмен
|
| 610 |
1 |
|
|a теплопередача
|
| 610 |
1 |
|
|a тепловой режим
|
| 610 |
1 |
|
|a эксплуатация
|
| 610 |
1 |
|
|a нагрев
|
| 610 |
1 |
|
|a топливо
|
| 610 |
1 |
|
|a рабочие камеры
|
| 610 |
1 |
|
|a окалины
|
| 610 |
1 |
|
|a горелочные устройства
|
| 610 |
1 |
|
|a газовоздухопроводы
|
| 675 |
|
|
|a 621.7883.2
|v 4
|
| 700 |
|
1 |
|a Белов
|b В. С.
|g Владислав Сергеевич
|
| 801 |
|
1 |
|a RU
|b 63413507
|c 20170204
|
| 801 |
|
2 |
|a RU
|b 63413507
|c 20170207
|g RCR
|
| 942 |
|
|
|c BK
|